000 01368cam a2200205 4500
001 ABS62791
008 000000n2000 000 0 eng u
035 _a(Sirsi) u108030
245 _aSoS Environment, Transport and the Regions v Baylis (Gloucester) Ltd and another
260 _c2000
490 _aEstates Gazette
_v[2000] 32 EG 92-104(11)
520 _aChD 14 April 2000. In 1964 D dedicated a strip of land as public highway. B was the registered proprietor of land that comprised part of the disputed strip and an area to the north of it. B had acquired the land from the second defendant. Local highway authority mowed grass on the disputed strip each year but no other works were carried out even though the strip contained street lights, a road sign and a cycle path. Claimant brought proceedings against the defendants alleging that works had been carried out on the strip. Defendants claimed it was not part of the highway. B claimed against second defendant for breach of implied covenants of title and of the sale contract. "Held" the use of the word 'forthwith' in the 1964 document was enough to demonstrate an intention to dedicate immediately.
590 _aABS
650 _aDEDICATION
650 _aPUBLIC HIGHWAY
650 _aBREACH OF COVENANT
650 _aIMPLIED COVENANTS
690 _aPROPERTY AND LAND LAW-CASE LAW
942 _n0
999 _c64544
_d64544